000 00833nas a2200289 4500
001 BR8806438
003 BR-BrBNA
005 20231205091331.0
007 ta
008 230509b bl.|||p| |||| 00| 00por d
040 _aBR-BrBNA
_bpor
_cBiblioteca Nacional de Agricultura
041 _a(Pt)
072 _aF08
100 1 _aMatos, P.L.P. de
100 1 _aCaldas, R.C.
100 1 _aSouza, A. da S.
245 1 _aMandioca plantada em fileiras duplas consorciada com milho
650 _aMANDIOCA
650 _aMILHO
650 _aFILEIRA DUPLA
650 _aCONSORCIACAO DE CULTURA
650 _aPRATICA CULTURAL
650 _aESPACAMENTO
773 0 _tRevista Brasileira de Mandioca (Brazil)
_xISSN 0101-563X
_g(1983), v. 2(1) p. 55-58
_wBR8806438
909 _a202311
_bLúcia
_c55
_dLúcia Elande
942 _2AGRIS
_n0
_cANA
999 _c124413
_d124413